000 00805nam a22002177a 4500
999 _c10031
_d10031
003 AR-CdUCM
008 190329b ||||| |||| 00| 0 spa d
040 _aMUNICIPALIDAD PROVINCIAL DEL CUSCO
_cBIBLIOTECA MUNICIPAL DEL CUSCO
041 _hfre
082 _a128.91 /
_bC54 / 1947
100 _aChestov, León
_926639
245 _aKierkegaard y la filosofía existencial /
260 _aBuenos Aires :
_bSudamericana,
_c1947.
300 _a327 páginas ;
_c21 cm.
440 _aFilosofía
_926640
505 _aContenido: Job y Hegel -- La astilla en la carne -- La suspensión de la ética -- El gran escándalo -- El movimiento de la fe -- La fe y el pecado ...
650 _aExistencialismo
_914068
700 _aFerrater Mora, José (traducción)
_926641
942 _2ddc
_cLIBROS
945 _aacv